000 00565nam a2200229Ia 4500
003 OSt
005 20220928112609.0
006 a|||||r|||| 00| 0
007 ta
008 220927b |||||||| |||| 00| 0 eng d
024 _a28548
037 _cTextual
040 _aSDCL
_cSDCL
_beng
041 _2eng
_aeng
082 _aV2y7N02x, M0
100 _aPrasad Bimal
_9428978
245 0 _aRevolutionary's quest.
260 _aDelhi
300 _alxviii,406p
_ccm.
942 _hV2y7N02x, M0
_cTEXL
_2CC
999 _c745456
_d745456